| 000 -LEADER |
| fixed length control field |
00709nam a22001817a 4500 |
| 001 - CONTROL NUMBER |
| control field |
21230 |
| 003 - CONTROL NUMBER IDENTIFIER |
| control field |
BD-DhUAP |
| 005 - DATE AND TIME OF LATEST TRANSACTION |
| control field |
20210124130334.0 |
| 008 - FIXED-LENGTH DATA ELEMENTS--GENERAL INFORMATION |
| fixed length control field |
210124s2004 bg ||||| |||| 00| 0 ben d |
| 040 ## - CATALOGING SOURCE |
| Original cataloging agency |
BD-DhUAP |
| Language of cataloging |
Ben |
| Transcribing agency |
BD-DhUAP |
| Modifying agency |
BD-DhUAP |
| 082 ## - DEWEY DECIMAL CLASSIFICATION NUMBER |
| Edition number |
23 |
| Classification number |
297 REN |
| 100 ## - MAIN ENTRY--PERSONAL NAME |
| Personal name |
রেণু, আজ্ব-মোমতাজ্ব। |
| 245 ## - TITLE STATEMENT |
| Title |
মেরি সুরাত তেরা আয়না / |
| Statement of responsibility, etc. |
আজ্ব-মোমতাজ্ব রেণু। |
| 260 ## - PUBLICATION, DISTRIBUTION, ETC. |
| Place of publication, distribution, etc. |
ঢাকা : |
| Name of publisher, distributor, etc. |
লালমাটিয়া হাউজিং স্টেট, |
| Date of publication, distribution, etc. |
২০০৪। |
| 300 ## - PHYSICAL DESCRIPTION |
| Extent |
বিভিন্ন পৃষ্ঠা ; |
| Dimensions |
২৪ সেমি.। |
| 650 ## - SUBJECT ADDED ENTRY--TOPICAL TERM |
| Topical term or geographic name entry element |
Islamic songs. |
| 942 ## - ADDED ENTRY ELEMENTS (KOHA) |
| Source of classification or shelving scheme |
|
| Koha item type |
Book |